<?xml version="1.0" encoding="UTF-8"?>
<marc:record xmlns:marc="http://www.loc.gov/MARC21/slim">
   <marc:leader>00000nam a2200000 a 4500</marc:leader>
   <marc:datafield ind1="1" ind2=" " tag="100">
      <marc:subfield code="a">Storz, Gisela</marc:subfield>
      <marc:subfield code="4">aut</marc:subfield>
      <marc:subfield code="e">Verfasser/-in</marc:subfield>
   </marc:datafield>
   <marc:datafield ind1=" " ind2=" " tag="653">
      <marc:subfield code="a">Erziehung</marc:subfield>
   </marc:datafield>
   <marc:datafield ind1=" " ind2=" " tag="653">
      <marc:subfield code="a">Gefühle</marc:subfield>
   </marc:datafield>
   <marc:datafield ind1="0" ind2="0" tag="245">
      <marc:subfield code="a">Wut</marc:subfield>
   </marc:datafield>
   <marc:datafield ind1="0" ind2="0" tag="245">
      <marc:subfield code="b">warum Kinder wild werden</marc:subfield>
   </marc:datafield>
   <marc:datafield ind1=" " ind2="1" tag="264">
      <marc:subfield code="b">Beltz &amp; Gelberg~ ~Weinheim</marc:subfield>
      <marc:subfield code="c">2014</marc:subfield>
   </marc:datafield>
   <marc:datafield ind1="1" ind2=" " tag="520">
      <marc:subfield code="a">Kaum etwas fordert Eltern so sehr wie die Wutausbrüche ihrer Kinder. Gleichzeitig sollen Kinder lernen, sich durchzusetzen und eigene Gefühle auszudrücken. Wann ist ihre Wut wichtig und richtig? Und was hilft, wenn scheinbar nichts mehr hilft?
Gisela Storz zeigt Eltern, wie sie mit Wut umgehen können – auch mit der eigenen Wut. Denn erst wenn festgefahrene Muster in Konflikten erkannt werden, können Eltern mit klaren, liebevollen Worten auf ihre Kinder eingehen. Dazu zählt auch das Gespräch mit Erzieherinnen, Lehrern und anderen Eltern. Sobald wir die Wut unserer Kinder verstehen, führen Verweigerung und Aggression zu Erfahrungen von Nähe und Veränderung.</marc:subfield>
   </marc:datafield>
   <marc:datafield ind1=" " ind2=" " tag="020">
      <marc:subfield code="a">9783407727343</marc:subfield>
      <marc:subfield code="9">9783407727343</marc:subfield>
   </marc:datafield>
</marc:record>
